Peculiarities of teaching reading in a foreign language at a non-linguistic institute of higher education; Мировая культура и язык: взгляд молодых исследователей; Ч. 3

Bibliografische gegevens
Parent link:Мировая культура и язык: взгляд молодых исследователей: материалы X Всероссийской научно-практической конференции, 28-30 апреля 2010 г. г. Томск/ Томский политехнический университет (ТПУ), Энергетический институт (ЭНИН); гл. ред. Н. А. Качалов.— , 2010
Ч. 3.— 2010.— С. 247-250
Hoofdauteur: Черепенников Ю. М. Юрий Михайлович
Samenvatting:Текст на английском языке
Taal:Engels
Gepubliceerd in: 2010
Onderwerpen:
Formaat: Hoofdstuk
KOHA link:https://koha.lib.tpu.ru/cgi-bin/koha/opac-detail.pl?biblionumber=344597

MARC

LEADER 00000naa2a2200000 4500
001 344597
005 20231225105919.0
035 |a (RuTPU)RU\TPU\book\376207 
035 |a RU\TPU\book\231354 
090 |a 344597 
100 |a 20200317d2010 k y0rusy50 ca 
101 0 |a eng 
102 |a RU 
200 1 |a Peculiarities of teaching reading in a foreign language at a non-linguistic institute of higher education  |f Ю. М. Черепенников 
300 |a Текст на английском языке 
320 |a Библиогр.: с. 250 (3 назв.) 
461 0 |0 (RuTPU)RU\TPU\book\229764  |t Мировая культура и язык: взгляд молодых исследователей  |o материалы X Всероссийской научно-практической конференции, 28-30 апреля 2010 г. г. Томск  |o в 4 ч.  |f Томский политехнический университет (ТПУ), Энергетический институт (ЭНИН); гл. ред. Н. А. Качалов  |d 2010 
463 0 |0 (RuTPU)RU\TPU\book\229451  |t Ч. 3  |v С. 247-250  |d 2010  |p 273 с. 
610 1 |a труды учёных ТПУ 
700 1 |a Черепенников  |b Ю. М.  |c физик  |c доцент Томского политехнического университета, кандидат наук  |f 1989-  |g Юрий Михайлович  |3 (RuTPU)RU\TPU\pers\30116  |9 14522 
801 1 |a RU  |b 63413507  |c 20120319 
801 2 |a RU  |b 63413507  |c 20200317  |g RCR 
942 |c BK